Unconstrained Face Recognition
Gespeichert in:
| Hauptverfasser: | , , |
|---|---|
| Format: | Buch |
| Sprache: | Englisch |
| Veröffentlicht: |
New York :
Springer Science+Business Media B.V.,
2006
|
| Schlagworte: | |
| Tags: |
Keine Tags, Fügen Sie das erste Tag hinzu!
|
MARC
| LEADER | 00000nam a22000003a 4500 | ||
|---|---|---|---|
| 001 | stu113751 | ||
| 005 | 20190206105050.0 | ||
| 008 | 060309s2006----xxu-----------------eng-d | ||
| 020 | |a 0-387-26407-8 | ||
| 040 | |a STU |b slo | ||
| 041 | 0 | |a eng | |
| 044 | |a xxu | ||
| 080 | |a 004.93 | ||
| 100 | 1 | |a Zhou, Shaohua Kevin |4 aut | |
| 245 | 1 | |a Unconstrained Face Recognition | |
| 260 | |a New York : |b Springer Science+Business Media B.V., |c 2006 | ||
| 300 | |a 242 s | ||
| 650 | 7 | |a rozpoznávanie objektov |2 stusub | |
| 650 | 7 | |a vizualizácia |2 stusub | |
| 700 | 1 | |a Chellappa, Rama |4 aut | |
| 700 | 1 | |a Zhao, Wenyi |4 aut | |
| 996 | |b 284EK86177 |c E*86177 |l EE16 |s P |a 0 |w stu113751_0001 | ||